| 000 | 00911nam a2200289 i 4500 | ||
|---|---|---|---|
| 001 | 200462067 | ||
| 003 | TR-AnTOB | ||
| 005 | 20241121153658.0 | ||
| 007 | ta | ||
| 008 | 240725s1997 tu a r 000 0 tur d | ||
| 035 | _a(TR-AnTOB)200462067 | ||
| 040 |
_aTR-AnTOB _beng _erda _cTR-AnTOB |
||
| 041 | 0 | _atur | |
| 050 |
_aHF5230.5.Ş36 _bŞ2 1997 |
||
| 090 |
_aHF5230.5.Ş36 _bŞ2 1997 |
||
| 245 | 0 | 0 | _aŞanlıurfa iş dünyası. |
| 246 | 0 | 8 | _aŞanlıurfa iş dünyası 1997 |
| 264 | 1 |
_aŞanlıurfa : _bŞanlıurfa Ticaret ve Sanayi Odası, _c1997. |
|
| 300 |
_a256 pages : _billustrations ; _c28 cm |
||
| 336 |
_atext _btxt _2rdacontent |
||
| 337 |
_aunmediated _bn _2rdamedia |
||
| 338 |
_avolume _bnc _2rdacarrier |
||
| 651 | 7 |
_aŞanlıurfa İli (Türkiye) _xTicaret _vRehberler _2etuturkob _988758 |
|
| 710 |
_aŞanlıurfa Ticaret ve Sanayi Odası _966739 |
||
| 942 |
_2lcc _cBK |
||
| 999 |
_c200462067 _d80279 |
||